Geography Quiz

Random Geography or State Quiz

States by ZIP Codes Quiz Stats

Quiz Updated Dec 5, 2011

Challenge
Share
Tweet
Source: The World Almanac and Book of Facts, 1995 edition
Score 0/51 Timer 08:00
1 Play Today
ZIP code State (or DC) % Correct
02109(MA) Massachusetts
80.7%
10001(NY) New York
75%
02904(RI) Rhode Island
71.8%
19104(PA) Pennsylvania
70.8%
*03103(NH) New Hampshire
69%
90086(CA) California
68.4%
04101(ME) Maine
68.3%
*05401(VT) Vermont
67.3%
32203(FL) Florida
67.1%
*07102(NJ) New Jersey
67.1%
30301(GA) Georgia
66.8%
*06602(CT) Connecticut
66.8%
23458(VA) Virginia
66.2%
35203(AL) Alabama
65.8%
21203(MD) Maryland
65.6%
29201(SC) South Carolina
65.5%
19899(DE) Delaware
65.4%
*28204(NC) North Carolina
65%
*20090(DC) District of Columbia
64.4%
25301(WV) West Virginia
64.2%
*99501(AK) Alaska
63.7%
38101(TN) Tennessee
63.5%
43216(OH) Ohio
62.9%
46206(IN) Indiana
62.3%
48231(MI) Michigan
61.8%
39205(MS) Mississippi
60.2%
ZIP code State (or DC) % Correct
98101(WA) Washington
59.9%
*40232(KY) Kentucky
59.8%
*96815(HI) Hawaii
59%
*97208(OR) Oregon
58.7%
55440(MN) Minnesota
57.7%
53201(WI) Wisconsin
57.1%
58102(ND) North Dakota
56.3%
57101(SD) South Dakota
56.3%
77052(TX) Texas
55.5%
*60607(IL) Illinois
55.2%
85026(AZ) Arizona
54.4%
*80202(CO) Colorado
54.1%
*50318(IA) Iowa
53.8%
*89125(NV) Nevada
53.7%
87101(NM) New Mexico
53.6%
64108(MO) Missouri
53.2%
67209(KS) Kansas
52.6%
84101(UT) Utah
52.4%
73125(OK) Oklahoma
52.3%
82001(WY) Wyoming
52.1%
59106(MT) Montana
52%
83707(ID) Idaho
51.7%
68108(NE) Nebraska
51.7%
72201(AR) Arkansas
48.6%
*70140(LA) Louisiana
46.1%

You're not logged in!

Compare scores with friends on all Sporcle quizzes.
Sign Up with Email
OR
Log In

You Might Also Like...

Show Comments

Extras

Top Quizzes Today


Score Distribution

Your Account Isn't Verified!

In order to create a playlist on Sporcle, you need to verify the email address you used during registration. Go to your Sporcle Settings to finish the process.